Advanced financial accounting Rev Ed 3 (Record no. 102090)

MARC details
000 -LEADER
fixed length control field 00532nam a2200229Ia 4500
008 - FIXED-LENGTH DATA ELEMENTS--GENERAL INFORMATION
fixed length control field 210210b1997 xxu||||| |||| 00| 0 eng d
082 ## - DEWEY DECIMAL CLASSIFICATION NUMBER
Classification number 657.48 JAIA
100 ## - MAIN ENTRY--PERSONAL NAME
Personal name JAIN (S P)
245 ## - TITLE STATEMENT
Title Advanced financial accounting Rev Ed 3
250 ## - EDITION STATEMENT
Edition statement
260 ## - PUBLICATION, DISTRIBUTION, ETC.
Place of publication, distribution, etc. Ludhiana.
Name of publisher, distributor, etc. Kalyani Publishers,
Date of publication, distribution, etc. 1997
300 ## - PHYSICAL DESCRIPTION
Extent 59
650 ## - SUBJECT ADDED ENTRY--TOPICAL TERM
Topical term or geographic name entry element Rev
650 ## - SUBJECT ADDED ENTRY--TOPICAL TERM
Topical term or geographic name entry element financial
650 ## - SUBJECT ADDED ENTRY--TOPICAL TERM
Topical term or geographic name entry element Ed
650 ## - SUBJECT ADDED ENTRY--TOPICAL TERM
Topical term or geographic name entry element Advanced
650 ## - SUBJECT ADDED ENTRY--TOPICAL TERM
Topical term or geographic name entry element accounting
650 ## - SUBJECT ADDED ENTRY--TOPICAL TERM
Topical term or geographic name entry element 3
690 ## - LOCAL SUBJECT ADDED ENTRY--TOPICAL TERM (OCLC, RLIN)
Topical term or geographic name as entry element Financial Accounting
700 ## - ADDED ENTRY--PERSONAL NAME
Personal name NARANG (K L)
906 ## - LOCAL DATA ELEMENT F, LDF (RLIN)
a 054050
Holdings
Withdrawn status Lost status Source of classification or shelving scheme Damaged status Not for loan Collection code Home library Current library Shelving location Date acquired Cost, normal purchase price Total Checkouts Full call number Barcode Date last seen Date last checked out Price effective from Koha item type
    Dewey Decimal Classification     Commerce St Aloysius Library St Aloysius Library Secondary stack section 02/17/2021 90.00 1 657.48 JAIA 054050 04/21/2026 04/13/2026 02/17/2021 Book